|
|
|
|
| LEADER |
00000nab a2200000 a 4500 |
| 001 |
vtls000669494 |
| 003 |
SK-MaSNL |
| 005 |
20260304232248.0 |
| 008 |
180206c1998 xo 0 slo |
| 015 |
|
|
|a SNBRB1998/10-28094
|
| 035 |
|
|
|a CLN000021673
|
| 040 |
|
|
|a SNKBUCL
|b slo
|c SNKBUCL
|e AACR2
|
| 041 |
0 |
|
|a slo
|
| 044 |
|
|
|a xo
|c SK
|
| 080 |
|
|
|a 799.3.093.1(100)
|2 UDC-MRF-SK2
|
| 100 |
1 |
|
|a Kubiš, Pavol
|4 aut
|9 219206
|
| 245 |
1 |
0 |
|a "Vyhral som ľahšie, ako som plánoval"
|b slovenský strelec Jozef Gönci o víťazstve vo Svetovom pohári v ľubovoľnej malokalibrovke 3x40
|c [zhováral sa] Pavol Kubiš
|
| 648 |
|
7 |
|a 1998
|2 snkbucl
|9 282348
|
| 650 |
0 |
7 |
|a športová streľba
|2 snkbucl
|9 29098
|
| 651 |
|
7 |
|a Zürich (Švajčiarsko)
|2 snkbucl
|9 23104
|
| 655 |
|
7 |
|a články z novín a časopisov
|2 snkbucl
|9 267496
|
| 700 |
1 |
|
|a Gönci, Jozef,
|d 1974-
|4 aut
|9 104368
|
| 773 |
0 |
|
|t Šport
|g Roč. 52, č. 239 (16.10.1998), s. 4
|
| 850 |
|
|
|a Slovenská národná knižnica v Martine
|
| 852 |
|
|
|a SNK
|b KIS3GCP
|
| 958 |
|
|
|a RBX
|
| 999 |
|
|
|c 3192921
|d 3194851
|